Heart Divided, a Novel (Record no. 13452)

MARC details
000 -LEADER
fixed length control field 00580nam a2200241 a 4500
020 ## - INTERNATIONAL STANDARD BOOK NUMBER
ISBN 0141430
082 00 - DEWEY DECIMAL CLASSIFICATION NUMBER
Classification number 808.3
Author Cutter SHA
100 ## - MAIN ENTRY--AUTHOR NAME
Author name Shah Nawaz, Mumtaz
245 ## - TITLE STATEMENT
Title Heart Divided, a Novel
260 ## - PUBLICATION, DISTRIBUTION, ETC. (IMPRINT)
Place of publication New Delhi
Name of publisher Penguin Books
Year of publication 2004
300 ## - PHYSICAL DESCRIPTION
Number of Pages 451p
500 ## - GENERAL NOTE
General note includes index and biblioraphy
505 2# - FORMATTED CONTENTS NOTE
Formatted contents note Notes
650 ## - SUBJECT ADDED ENTRY--TOPICAL TERM
Topical Term Fiction
942 ## - ADDED ENTRY ELEMENTS (KOHA)
Koha item type Books
700 1# -
-- Shah Nawaz, Mumtaz
Holdings
Collection code Home library Current library Date acquired Cost, normal purchase price Full call number Accession Number Koha item type
  Henry Martyn Institute Library Henry Martyn Institute Library 06/14/2007 375.00 808.3 SHA 020852 Books
                   Copyright © 2026 | Henry Martyn Institute | Hyderabad | TS-500052 | INDIA | Implemented by hmi.edu.in
Hit-Count:

Powered by Koha